000 01384nam a2200361 c 4500
003 BLK
005 20250603144944.0
008 180408b bul|||||r ||||||| ||bul||
010 _aKNG00054817000
020 _a954-26-0175-1
_bиздат.: Хермес
040 _aBLK
041 _aBUL
_cBUL
080 _aНемска литература
_b821.112.2
_x-93-31
_z821.112.2-93-31
100 1 _aКрюс, Джеймс
_eпърви автор
_9246295
700 1 _aБуздрева, Ели Доник
_eпрев.
_943711
139 _aКрюс, Джеймс
_bК 92
245 1 0 _aЩастливите острови зад вятъра
_cДжеймс Крюс; прев. Ели Доник Буздрева.
257 _aDEU
260 Пловдив
_bХермес
_c2004
_fХасково : Полиграфюг
300 _a160 с.
_c20 см
380 _aDX
490 1 _aСветовни детски писатели
500 _aОриг. загл. Die Gleucklichen Inseln hinter dem Winde / James Kreuss. - Офс. изд. - 1 550 тир.
653 _aромани
653 _aлитература за деца
653 _aдетска литература
852 _aЦб 224390
856 4 _qpdf
_u
856 4 _qpdf
_u
942 _cKNG
_n0
_03
944 _aCR
_c09.08.2005
_k30564
_lАнна Гръцманова
944 _aED
_c01.06.2007
_k
999 _c50924
_d50924